[Event "19th Bangkok Open 2019"]
[Site "Bangkok"]
[Date "2019.04.14"]
[Round "9.12"]
[White "Vijayalakshmi, Subbaraman"]
[Black "Arpita, Mukherjee"]
[Result "1-0"]
[WhiteElo "2345"]
[BlackElo "2197"]
[Annotator "TA"]
[PlyCount "77"]
[EventDate "2019.04.06"]
[EventType "swiss"]
[EventCountry "THA"]
[SourceTitle "playchess.com"]
[Source "ChessBase"]
[SourceQuality "1"]

{[%evp 20,77,8,20,71,68,67,72,79,66,79,80,77,86,94,98,140,97,110,94,108,96,116,111,148,52,67,77,169,174,556,574,566,566,605,427,406,430,406,422,446,424,549,520,641,635,643,616,731,658,652,641,647,623,763,763,889,869,29985,29986]} 1. d4 Nf6 2. c4 g6 3. g3 Bg7 4. Bg2 O-O 5. Nf3 d6 6. O-O Nbd7 7. Nc3 e5 8. e4 c6 9. h3 Qb6 10. Re1 exd4 11. Nxd4 Nc5 {E69: King's Indian: Fianchetto: 6...Nbd7 7 0-0 e5 8 e4 c6 9 h3} (11... Ne8 $11 {remains equal.} 12. Nf3 Qb4) (11... Re8 12. Nc2 Ne5 13. b3 Be6 14. Ne3 Nfd7 15. Bb2 Nc5 16. Bf1 Bxh3 17. Bxh3 Ned3 18. Qc2 Nxb2 19. Bf1 Re6 20. Rab1 {0-1 (66) Van Wely,L (2642)-Adhiban,B (2668) Batumi 2018}) 12. Rb1 $16 a5 13. Be3 Qc7 {White is better.} 14. Qc2 Be6 $146 ({Predecessor:} 14... Re8 15. Nb3 Nfd7 16. Rbd1 b6 17. Nd4 Ba6 18. b3 Rad8 {½-½ (47) Voloshin,L (2453)-Balacek,T (2096) Pardubice 2010}) 15. b3 Qe7 16. Rbd1 Bd7 17. Bf4 {Threatens to win with Nf5!} Rfd8 18. Qd2 Nh5 19. Be3 Nf6 20. Bg5 Re8 21. Nc2 Ne6 {[#]} 22. Bxf6 (22. Nd5 $1 $16 {[%mdl 512]} Qd8 (22... cxd5 23. exd5) 23. Nxf6+ Bxf6 24. Bxf6 (24. Qxd6 Bxg5 25. Qxd7 Qb6 $14) 24... Qxf6 25. e5 (25. Qxd6 Qc3 $16)) 22... Qxf6 $14 23. e5 Qf5 {[#]} (23... Qg5 $16) 24. Ne4 $1 $36 {[%mdl 2048] Hoping for f4. White is on the roll.} Bxe5 $2 (24... Qxe5 25. Nxd6 {[%mdl 64] Double Attack} Qb2) 25. Ne3 Qh5 26. Ng4 Kg7 27. Nxe5 dxe5 28. g4 ({Less strong is} 28. Qxd7 Red8 $16) 28... Qh4 29. Qxd7 Nf4 30. Kh2 Rad8 31. Qxb7 h5 32. Rxd8 Rxd8 33. gxh5 Rd3 {[%cal Rd3h3] aiming for ...Rxh3+.} 34. Ng3 Nxh5 35. Nxh5+ gxh5 36. Qb6 Rd4 37. Qxa5 Qxf2 38. Qxe5+ {[%mdl 64] Double Attack} Kh7 39. Qxh5+ {Accuracy: White = 81%, Black = 30%.} 1-0